| 000 | 00650nam a22001697a 4500 | ||
|---|---|---|---|
| 999 |
_c63946 _d63946 |
||
| 005 | 20260226132444.0 | ||
| 008 | 260226s2005 enk||||| |||| 00| 0 eng d | ||
| 020 | _a 9780887274367x | ||
| 041 | _aeng | ||
| 080 | _a821.521-3 C-74 | ||
| 245 |
_aContemporary Japanese Literature : _b An Anthology Of Fiction, Film, And Other Writing / _cEdited by Howard Hibbett. |
||
| 264 |
_aBoston : _bCheng & Tsui Company, _c2005. |
||
| 300 |
_a469 p.; _b23 cm. |
||
| 653 | _aთანამედროვე იაპონური ლიტერატურა | ||
| 700 |
_aHibbett, Howard _eრედაქტორი _926988 |
||
| 942 |
_2udc _cᲬᲘᲒᲜᲘ |
||